| Tag |
First Indicator |
Second Indicator |
Subfields |
| LEADER |
00000pam a2200000 a 4500 |
| 001 |
in00000607021 |
| 005 |
20151014093554.0 |
| 008 |
860627s1987 cauf b s00110 eng |
| 010 |
|
|
|a 86016041
|
| 020 |
|
|
|a 093493424X :
|c $20.00 (est.)
|
| 020 |
|
|
|a 0934934258 (pbk.) :
|c $13.95 (est.)
|
| 035 |
|
|
|a (OCoLC)13860625
|
| 035 |
|
|
|9 ACR0564AM
|
| 040 |
|
|
|a DLC
|c DLC
|d m/c
|d TXA
|d UtOrBLW
|
| 041 |
1 |
|
|a eng
|h ita
|
| 043 |
|
|
|a s-bl---
|
| 049 |
|
|
|a TXAM
|c [A10949813]
|
| 050 |
0 |
0 |
|a PQ9607.B53
|b M3713 1987
|
| 082 |
0 |
|
|a 869.3/093520396
|2 19
|
| 100 |
1 |
|
|a Marotti, Giorgio.
|
| 240 |
1 |
0 |
|a Negro nel romanzo brasiliano.
|l English
|
| 245 |
1 |
0 |
|a Black characters in the Brazilian novel /
|c Giorgio Marotti ; translated by Maria O. Marotti and Henry Lawton.
|
| 264 |
|
1 |
|a Los Angeles :
|b Center for Afro-American Studies, University of California,
|c [1987]
|
| 264 |
|
4 |
|c ©1987
|
| 300 |
|
|
|a ix, 448 pages, 18 unnumbered pages of plates ;
|c 24 cm.
|
| 336 |
|
|
|a text
|b txt
|2 rdacontent
|
| 337 |
|
|
|a unmediated
|b n
|2 rdamedia
|
| 338 |
|
|
|a volume
|b nc
|2 rdacarrier
|
| 490 |
1 |
|
|a Afro-American culture and society,
|x 0882-5297 ;
|v v. 6
|
| 500 |
|
|
|a Translation of: Il negro nel romanzo brasiliano.
|
| 500 |
|
|
|a Includes index.
|
| 504 |
|
|
|a Bibliography: pages 435-441.
|
| 650 |
|
0 |
|a Brazilian fiction
|x History and criticism.
|
| 650 |
|
0 |
|a Blacks in literature.
|
| 830 |
|
0 |
|a Afro-American culture and society ;
|v v. 6.
|
| 999 |
|
|
|a MARS
|
| 999 |
f |
f |
|s 7df82a6b-8192-3adf-9c75-ed00a6fa8efd
|i 53bb6ffd-4271-3b4f-b6ef-b86b2f2b842d
|t 0
|
| 952 |
f |
f |
|p ric
|a Texas A&M University
|b Rellis Campus
|c Joint Library Facility
|d Remote Storage
|t 0
|e PQ9607.B53 M3713 1987
|h Library of Congress classification
|i unmediated -- volume
|m A14810949813
|
| 998 |
f |
f |
|a PQ9607.B53 M3713 1987
|t 0
|l Remote Storage
|